00625aam a2200217a 44500008003900000017001500039041000800054080001600062100002100078245013100099245002000230260001400250260001900264260000900283300001800292500002500310500002400335520001700359546001300376650001800389930106s1959 cat aB4397-1959 acat a796.51(038) aSallarès, Joan aPrimer diccionari català d'excursionisme: I dels seus vocables afins de geografia, ciències naturals i de la vida del camp cJoan Sallarès aBarcelona bDalmau i Jover c1959 a226 p.c28 cm aCategoria gramatical aExemplar fotocopiat aaprox. 4.200 acatalà aexcursionisme